| 000 | 00686nam a2200289Ia 4500 | ||
|---|---|---|---|
| 001 | Z_1585 | ||
| 003 | CHAP | ||
| 008 | 220113s1988 xx 000 0 und d | ||
| 010 | _a164672 | ||
| 040 | _cCHAP | ||
| 082 | _a637.1 D3y | ||
| 100 |
_aDahl, John C _930893 |
||
| 245 |
_aCalidad de la leche y mejoramiento de la producción / _cpor John C. Dahl |
||
| 260 |
_aMadison, Wis. : _bDairy Equipment Co., _c1988 |
||
| 300 | _a180 p | ||
| 440 | _a | ||
| 500 | _a | ||
| 503 | _aC/E | ||
| 650 |
_aLeche _xCalidad _965362 |
||
| 650 |
_aLeche _xProducción I. t. _9138048 |
||
| 901 | _a637.1 D3y | ||
| 902 | _aA | ||
| 910 | _a1988 | ||
| 942 | _c1 | ||
| 942 | _cc1 | ||
| 999 |
_c164672 _d164672 |
||